[Event "OLNW 2223 Hamelner SV - SV Hellern"]
[Site "?"]
[Date "2023.01.15"]
[Round "4.2"]
[White "Tonndorf, Matthias"]
[Black "Lehmann, Holger"]
[Result "1/2-1/2"]
[WhiteElo "2154"]
[BlackElo "2131"]
[PlyCount "229"]
[EventDate "2023.??.??"]

1. e4 c5 2. Nf3 d6 3. d4 cxd4 4. Nxd4 Nf6 5. Nc3 Bd7 6. h3 Nc6 7. g4 g6 8. g5 Nh5 9. Be2 Nxd4 10. Qxd4 Bg7 11. Qd1 Rc8 12. Nd5 e6 13. Bxh5 exd5 14. Bf3 d4 15. Bd2 O-O 16. Kf1 Re8 17. Kg2 Rc5 18. h4 Bc6 19. Re1 f6 20. Bb4 fxg5 21. Bxc5 dxc5 22. e5 gxh4 23. Bxc6 Qg5+ 24. Kh3 bxc6 25. Qg4 Rxe5 26. Qxg5 Rxg5 27. Re8+ Kf7 28. Ra8 Rd5 29. Rxa7+ Kf6 30. Rc7 Bf8 31. Rxc6+ Kf5 32. a4 h5 33. a5 g5 34. a6 g4+ 35. Kh2 Rd8 36. a7 Ra8 37. Raa6 Ke4 38. Rcb6 c4 39. Kg1 Bc5 40. Rb7 d3 41. cxd3+ cxd3 42. Ra4+ Kd5 43. Kf1 g3 44. fxg3 hxg3 45. Rd7+ Kc6 46. Rxd3 h4 47. Rxh4 Rxa7 48. Rh6+ Kb5 49. Rb3+ Ka4 50. Rb8 Rf7+ 51. Kg2 Bb4 52. Kxg3 Rd7 53. Kf3 Rd4 54. Ke3 Rg4 55. Ra6+ Kb3 56. Rab6 Rh4 57. Kd3 Rh3+ 58. Ke4 Rh4+ 59. Kd5 Rh5+ 60. Kc6 Rh6+ 61. Kb5 Rh5+ 62. Ka6 Rh4 63. Rg6 Kxb2 64. Kb5 Bc3 65. Rg2+ Kb3 66. Kc5+ Bb4+ 67. Kd5 Rh5+ 68. Kd4 Rh4+ 69. Kd3 Rh3+ 70. Ke2 Rc3 71. Rg1 Rc4 72. Rb1+ Ka4 73. Kd3 Rh4 74. Re8 Rh3+ 75. Kc4 Rh4+ 76. Kd5 Rh5+ 77. Re5 Rh4 78. Re4 Rh5+ 79. Kc4 Rc5+ 80. Kd4 Rc7 81. Kd5 Rc5+ 82. Kd6 Rb5+ 83. Kd7 Rd5+ 84. Kc6 Rc5+ 85. Kd7 Rd5+ 86. Ke6 Rb5 87. Rc4 Ka5 88. Ra1+ Kb6 89. Ra8 Bc5 90. Rb8+ Kc6 91. Rxb5 Kxb5 92. Kd5 Bf2 93. Rc2 Bg1 94. Rg2 Be3 95. Rg6 Bf2 96. Rg2 Be3 97. Rb2+ Ka6 98. Kc6 Ka7 99. Rb4 Ka8 100. Re4 Ba7 101. Kc7 Bb8+ 102. Kc8 Ba7 103. Re2 Bc5 104. Kc7 Ba7 105. Kc8 Bb6 106. Re7 Bc5 107. Rb7 Be3 108. Rb2 Ka7 109. Rb3 Bf4 110. Rb4 Bg3 111. Rg4 Bh2 112. Kd7 Kb7 113. Rg2 Bb8 114. Rb2+ Ka8 115. Rxb8+ 1/2-1/2

[Event "OLNW 2223 Hamelner SV - SV Hellern"]
[Site "?"]
[Date "2023.01.15"]
[Round "4.3"]
[White "Lewin, Tammo"]
[Black "Renner, Kai"]
[Result "1/2-1/2"]
[WhiteElo "2062"]
[BlackElo "2171"]
[PlyCount "135"]
[EventDate "2023.??.??"]

1. d4 f5 2. g3 Nf6 3. Bg2 g6 4. Nh3 Bg7 5. Nf4 Nc6 6. h4 e5 7. dxe5 Nxe5 8. h5 c6 9. h6 Bf8 10. Nd3 Nf7 11. c4 d6 12. Nc3 Be6 13. Qa4 Bd7 14. Bd2 Qc7 15. O-O-O a6 16. Kb1 O-O-O 17. Rc1 Re8 18. b4 Kb8 19. b5 Qb6 20. Be3 Rxe3 21. fxe3 Bxh6 22. Rc2 Bxe3 23. Rb2 cxb5 24. cxb5 Rc8 25. Qb3 Bd4 26. bxa6 Qxb3 27. Rxb3 b6 28. Nb5 Bxb5 29. Rxb5 Ka7 30. Nb4 Ne5 31. Bb7 Rc5 32. a4 h5 33. Rd1 Rc4 34. Rc1 Rxc1+ 35. Kxc1 Bc5 36. Nd3 Ne4 37. Bxe4 fxe4 38. Nxc5 bxc5 39. Kc2 Kxa6 40. Rb8 Nc6 41. Rg8 Ka5 42. Rxg6 Nd4+ 43. Kd2 Kxa4 44. Rxd6 Kb4 45. Rb6+ Kc4 46. Rg6 Kb3 47. Rg5 c4 48. Rxh5 c3+ 49. Ke3 c2 50. Rh1 Kc3 51. g4 Ne6 52. Kxe4 Kd2 53. e3 c1=Q 54. Rxc1 Kxc1 55. Ke5 Nf8 56. Kf5 Kd2 57. e4 Ke3 58. e5 Kd4 59. e6 Kd5 60. e7 Ne6 61. Kf6 Nc7 62. Kf7 Kd6 63. g5 Kd7 64. g6 Ne8 65. Kf8 Nc7 66. Kf7 Ne8 67. Kf8 Nc7 68. Kf7 1/2-1/2

[Event "OLNW 2223 Hamelner SV - SV Hellern"]
[Site "?"]
[Date "2023.01.15"]
[Round "4.4"]
[White "Koch, Yannick"]
[Black "Happe, Reinhold"]
[Result "0-1"]
[WhiteElo "2071"]
[BlackElo "2101"]
[PlyCount "56"]
[EventDate "2023.??.??"]

1. d4 d5 2. c4 e6 3. Nc3 Bb4 4. Nf3 Nf6 5. Bg5 h6 6. Bxf6 Qxf6 7. e3 O-O 8. Bd3 c5 9. O-O Rd8 10. cxd5 exd5 11. Ne5 Nc6 12. Nxc6 bxc6 13. Rc1 c4 14. Bb1 Rb8 15. Qh5 Ba5 16. Ne4 Qe7 17. Ng3 Rxb2 18. Rc2 Rb8 19. e4 Qg5 20. Qxg5 hxg5 21. Rd1 Be6 22. Re2 Bc7 23. e5 Rb4 24. Nf5 Rxb1 25. Ne7+ Kf8 26. Ng6+ fxg6 27. Rxb1 Bb6 28. Rd2 c5 0-1

[Event "OLNW 2223 Hamelner SV - SV Hellern"]
[Site "?"]
[Date "2023.01.15"]
[Round "4.5"]
[White "Hart, Martin"]
[Black "Poschadel, Andreas Gregor"]
[Result "1-0"]
[WhiteElo "2040"]
[BlackElo "2047"]
[PlyCount "91"]
[EventDate "2023.??.??"]

1. e4 c6 2. d3 d5 3. Nd2 g6 4. g3 Bg7 5. Bg2 e5 6. Ngf3 Be6 7. O-O h6 8. a4 Ne7 9. a5 O-O 10. Qe2 d4 11. Nc4 Bxc4 12. dxc4 c5 13. Ne1 Nbc6 14. Bd2 Qd6 15. Nd3 Rfe8 16. f4 f5 17. a6 b6 18. Rae1 fxe4 19. Qxe4 exf4 20. Bxf4 Qd7 21. Rf2 Rac8 22. Rfe2 g5 23. Bd2 Nb8 24. Bf3 Nxa6 25. Qb7 Nc7 26. Bh5 Qd6 27. Bxe8 Rxe8 28. Qxa7 Ra8 29. Qb7 Ng6 30. Re6 Nxe6 31. Qxa8+ Ngf8 32. Qe8 Kh7 33. Qf7 Nd8 34. Qf5+ Ng6 35. Re8 Qc7 36. Be1 Nc6 37. Re6 Nce7 38. Qe4 Qd7 39. h4 gxh4 40. gxh4 h5 41. Nf4 d3 42. Nxd3 Bd4+ 43. Bf2 Bxf2+ 44. Kxf2 Kg7 45. Rxg6+ Nxg6 46. Qxg6+ 1-0

[Event "OLNW 2223 Hamelner SV - SV Hellern"]
[Site "?"]
[Date "2023.01.15"]
[Round "4.6"]
[White "Helmer, Jan"]
[Black "Bade, Hans-Juergen"]
[Result "1/2-1/2"]
[WhiteElo "2142"]
[BlackElo "2002"]
[PlyCount "71"]
[EventDate "2023.??.??"]

1. Nf3 Nf6 2. d4 e6 3. e3 b6 4. Bd3 Bb7 5. Nbd2 c5 6. O-O cxd4 7. exd4 Be7 8. b3 O-O 9. Bb2 d6 10. Qe2 Nbd7 11. c4 Re8 12. Rae1 Nf8 13. Ng5 d5 14. f4 g6 15. Ngf3 a5 16. Ne5 a4 17. Bb1 axb3 18. axb3 Rc8 19. g4 Bb4 20. g5 Nh5 21. Qe3 Ng7 22. Ng4 Re7 23. Nh6+ Kh8 24. Rc1 Nf5 25. Qe5+ Ng7 26. Nf3 Nd7 27. Qe3 Nf5 28. Bxf5 exf5 29. Ne5 Kg7 30. Bc3 Bxc3 31. Qxc3 f6 32. Nxd7 Rxd7 33. h4 dxc4 34. Rcd1 cxb3 35. Qxb3 Bd5 36. Qb2 {(=)} 1/2-1/2

[Event "OLNW 2223 Hamelner SV - SV Hellern"]
[Site "?"]
[Date "2023.01.15"]
[Round "4.7"]
[White "Suendorf, Dominik"]
[Black "van Son, Lutz"]
[Result "0-1"]
[WhiteElo "1842"]
[BlackElo "2171"]
[PlyCount "80"]
[EventDate "2023.??.??"]

1. e4 e6 2. d4 d5 3. exd5 exd5 4. Nf3 Bd6 5. c4 Nf6 6. Nc3 c6 7. Bg5 Qe7+ 8. Be2 dxc4 9. a4 Be6 10. O-O h6 11. Bh4 g5 12. Bg3 Bxg3 13. hxg3 Qb4 14. Qc2 Nbd7 15. a5 O-O-O 16. Nd2 Kb8 17. Ra4 Qd6 18. Nxc4 Qc7 19. Ne3 h5 20. Bc4 h4 21. Bxe6 fxe6 22. g4 Nd5 23. Ncxd5 exd5 24. Rc1 Qf4 25. Rb4 Rc8 26. Qa4 h3 27. Rxc6 h2+ 28. Kh1 Qxf2 29. Rxb7+ Kxb7 30. Qb5+ Ka8 31. Rxc8+ Rxc8 32. Qxd5+ Kb8 33. Qd6+ Rc7 34. Qb4+ Kc8 35. Kxh2 Qxe3 36. Qb5 Qf4+ 37. Kh3 Qe3+ 38. Kh2 Qe6 39. Qxg5 Nf6 40. Kg1 Qe1+ 0-1

[Event "OLNW 2223 Hamelner SV - SV Hellern"]
[Site "?"]
[Date "2023.01.15"]
[Round "4.8"]
[White "Schmidt, Dennis"]
[Black "Grosser, Juergen"]
[Result "1-0"]
[WhiteElo "2056"]
[BlackElo "1821"]
[PlyCount "105"]
[EventDate "2023.??.??"]

1. e4 c5 2. Nf3 e6 3. d3 d6 4. g3 Nc6 5. Bg2 Nf6 6. O-O Be7 7. Re1 O-O 8. Nbd2 d5 9. e5 Nd7 10. Nf1 Qc7 11. Bf4 b5 12. h4 Re8 13. N1h2 Nd4 14. Ng5 Bb7 15. c3 Bxg5 16. Bxg5 Nc6 17. d4 cxd4 18. cxd4 Qb6 19. Be3 Qd8 20. Bf1 a6 21. Rc1 Rc8 22. Bd3 f5 23. exf6 Nxf6 24. Bb1 e5 25. dxe5 Nxe5 26. Rxc8 Qxc8 27. Bd4 Nc6 28. Bxf6 Rxe1+ 29. Qxe1 gxf6 30. Qe3 Kg7 31. Qd3 Qg8 32. Ng4 Ne5 33. Nxe5 fxe5 34. Qc3 Kf6 35. Qc7 Qc8 36. Qxh7 Qc1+ 37. Kh2 Qxb2 38. Qg6+ Ke7 39. Qg7+ Kd6 40. Qf8+ Kc6 41. Bg6 e4 42. Be8+ Kb6 43. Qd6+ Ka7 44. Qc5+ Ka8 45. Bc6 d4 46. Qf8+ Ka7 47. Qf7 Kb6 48. Qxb7+ Ka5 49. Bxe4 Qxf2+ 50. Kh3 Qf1+ 51. Bg2 Qc4 52. Qd5 d3 53. Be4 1-0

[Event "OLNW 2223 SV Hellern - HSK Lister Turm "]
[Site "?"]
[Date "2023.02.05"]
[Round "5.1"]
[White "von Mettenheim, Johannes"]
[Black "Hoffmann, Alexander"]
[Result "*"]
[WhiteElo "2314"]
[BlackElo "2399"]
[PlyCount "138"]
[EventDate "2023.??.??"]

1. d4 Nf6 2. c4 g6 3. Nc3 d5 4. Nf3 Bg7 5. Qb3 dxc4 6. Qxc4 O-O 7. e4 Nc6 8. Be2 Bg4 9. d5 Na5 10. Qb4 Bxf3 11. Bxf3 c6 12. O-O Qb6 13. Qa4 Nd7 14. Rd1 Nc5 15. Qc2 Qb4 16. Rb1 Nc4 17. Bg5 Rfe8 18. a3 Qb3 19. Qxb3 Nxb3 20. Be2 Nd6 21. Be3 c5 22. Bd3 Rac8 23. Ne2 e5 24. dxe6 Rxe6 25. f3 Nd4 26. b4 b6 27. bxc5 bxc5 28. Nxd4 cxd4 29. Bf2 h5 30. Rdc1 Ree8 31. Bg3 Bf8 32. Bf2 Bg7 33. Ba6 Rc5 34. a4 f5 35. Rd1 fxe4 36. Bxd4 Bxd4+ 37. Rxd4 Rc6 38. Be2 e3 39. Rd5 Re7 40. Bd3 Kg7 41. Rd1 Nf7 42. Kf1 Rc3 43. a5 Ra3 44. Be2 Kf6 45. Rc1 g5 46. a6 Ne5 47. Rb5 h4 48. Rcb1 Nc6 49. R5b3 Ra2 50. Rd1 Re6 51. Rb7 Rc2 52. Rh7 Rc3 53. f4 gxf4 54. Rxh4 Kg5 55. Rg4+ Kf5 56. Rg8 Re7 57. Rf8+ Ke5 58. Rfd8 Nxd8 59. Rxd8 Rc1+ 60. Bd1 Ra1 61. h4 Rxa6 62. Ke1 Ra1 63. h5 Kf6 64. Ke2 Ra2+ 65. Ke1 Rxg2 66. Rf8+ Rf7 67. Rd8 Rg1+ 68. Ke2 Rh1 69. Kd3 Rxd1+ *

[Event "OLNW 2223 SV Hellern - HSK Lister Turm "]
[Site "?"]
[Date "2023.02.05"]
[Round "5.2"]
[White "Gronde, Ingo"]
[Black "Voege, Tobias"]
[Result "1-0"]
[WhiteElo "2295"]
[BlackElo "2280"]
[PlyCount "139"]
[EventDate "2023.??.??"]

1. e4 e6 2. d4 d5 3. e5 c5 4. c3 Bd7 5. Nf3 Qb6 6. Bd3 Bb5 7. dxc5 Bxc5 8. b4 Be7 9. Be3 Qa6 10. Bxb5+ Qxb5 11. Nd4 Qd7 12. Nd2 Nc6 13. N2f3 Nxd4 14. Qxd4 Bd8 15. Qg4 f5 16. exf6 Nxf6 17. Qh3 Bc7 18. Bd4 O-O 19. O-O Ne4 20. Rfe1 b5 21. Rxe4 dxe4 22. Ng5 h6 23. Qxe6+ Qxe6 24. Nxe6 Rf7 25. a4 bxa4 26. Rxa4 Re8 27. Nxc7 Rxc7 28. Kf1 Re6 29. Rxa7 Rxa7 30. Bxa7 Ra6 31. Bd4 Ra2 32. b5 Rb2 33. b6 Kf7 34. c4 Rb1+ 35. Ke2 Ke6 36. Ke3 Rb4 37. Kxe4 Rxc4 38. Kd3 Kd5 39. Bxg7 Rb4 40. Bxh6 Rxb6 41. Be3 Rb1 42. h4 Rg1 43. g3 Rg2 44. h5 Ke5 45. Bf4+ Kf5 46. Ke3 Rg1 47. Kf3 Rb1 48. g4+ Kf6 49. Be3 Rb4 50. Bd2 Ra4 51. Kg3 Rc4 52. f4 Rc2 53. Be3 Rc3 54. Kf3 Rc4 55. Bf2 Rb4 56. Bh4+ Ke6 57. Bf2 Kf6 58. Bc5 Rc4 59. Bd6 Rc1 60. Be5+ Ke6 61. Bd4 Re1 62. f5+ Kf7 63. g5 Rd1 64. g6+ Kg8 65. Be3 Kg7 66. h6+ Kg8 67. h7+ Kh8 68. Ke4 Re1 69. Kd3 Ra1 70. Bd4# 1-0

[Event "OLNW 2223 SV Hellern - HSK Lister Turm "]
[Site "?"]
[Date "2023.02.05"]
[Round "5.3"]
[White "Polster, Christian"]
[Black "Stock, Joerg"]
[Result "1-0"]
[WhiteElo "2245"]
[BlackElo "2098"]
[PlyCount "59"]
[EventDate "2023.??.??"]

1. e4 c6 2. d4 d5 3. e5 c5 4. Nf3 cxd4 5. Nxd4 Nc6 6. c4 e6 7. Nc3 Bb4 8. Nxc6 bxc6 9. Qa4 Rb8 10. cxd5 exd5 11. Qxc6+ Kf8 12. Bd2 Ne7 13. Qa4 d4 14. Ne4 Bxd2+ 15. Nxd2 Qd5 16. Qa3 Qxe5+ 17. Be2 Be6 18. Nf3 Qe4 19. Rd1 Bc4 20. Nxd4 Bxe2 21. Nxe2 Qxg2 22. Rg1 Qxh2 23. Rd7 Re8 24. Rg3 Qh1+ 25. Kd2 Qc6 26. Rgd3 f6 27. Rxa7 h5 28. Rdd7 Qe6 29. Nf4 Qe4 30. Qd6 1-0

[Event "OLNW 2223 SV Hellern - HSK Lister Turm "]
[Site "?"]
[Date "2023.02.05"]
[Round "5.4"]
[White "Lehmann, Holger"]
[Black "Bleecke, Sebastian"]
[Result "0-1"]
[WhiteElo "2131"]
[BlackElo "2139"]
[PlyCount "42"]
[EventDate "2023.??.??"]

1. c4 e5 2. Nf3 Nc6 3. e3 e4 4. Nd4 Nf6 5. Nc3 Bb4 6. Qc2 Bxc3 7. Qxc3 O-O 8. b3 Ne5 9. Bb2 Re8 10. Be2 d5 11. c5 c6 12. f4 Nd3+ 13. Bxd3 exd3 14. Qxd3 Ne4 15. Ne2 Qh4+ 16. g3 Qh5 17. O-O-O Nf2 18. Qc3 f6 19. g4 Bxg4 20. Ng3 Nxd1 21. Rxd1 Qxh2 0-1

[Event "OLNW 2223 SV Hellern - HSK Lister Turm "]
[Site "?"]
[Date "2023.02.05"]
[Round "5.5"]
[White "Hoerstmann, Rudi"]
[Black "Lewin, Tammo"]
[Result "1-0"]
[WhiteElo "2218"]
[BlackElo "2062"]
[PlyCount "99"]
[EventDate "2023.??.??"]

1. Nf3 e6 2. c4 f5 3. g3 Nf6 4. Bg2 Be7 5. O-O O-O 6. Nc3 d6 7. d4 c6 8. Qc2 d5 9. b3 Ne4 10. Na4 b6 11. Nb2 Bb7 12. Nd3 Nd7 13. Bb2 Bd6 14. a4 a5 15. Ba3 Bxa3 16. Rxa3 Qe7 17. Raa1 Rac8 18. Rfc1 c5 19. Qb2 cxd4 20. Qxd4 Ndc5 21. Qb2 Rfd8 22. Nfe5 Na6 23. cxd5 Bxd5 24. Nf4 Bb7 25. Nc4 Nac5 26. Nxb6 Rb8 27. Nc4 Ba6 28. Nxa5 Rd2 29. Rc2 Rxc2 30. Qxc2 Qc7 31. Bxe4 fxe4 32. Rc1 Qxa5 33. Qxc5 Qd2 34. Qc3 e3 35. fxe3 Qd7 36. Qc7 Qe8 37. Qc6 Qxc6 38. Rxc6 Bc8 39. Rc3 e5 40. Nd3 e4 41. Nc5 Bf5 42. Kf2 Kf7 43. g4 Bxg4 44. Nxe4 h6 45. Nd2 Be6 46. e4 Kf6 47. Ke3 Ke5 48. Rc6 g5 49. Nf3+ Kf6 50. Nd4 1-0

[Event "OLNW 2223 SV Hellern - HSK Lister Turm "]
[Site "?"]
[Date "2023.02.05"]
[Round "5.6"]
[White "Happe, Reinhold"]
[Black "Hoerstmann, Martin"]
[Result "0-1"]
[WhiteElo "2101"]
[BlackElo "2214"]
[PlyCount "82"]
[EventDate "2023.??.??"]

1. e4 c5 2. Nf3 d6 3. Bb5+ Nd7 4. O-O Ngf6 5. Re1 a6 6. Bf1 e5 7. a4 Be7 8. c3 O-O 9. d4 Re8 10. Nbd2 Qc7 11. a5 cxd4 12. cxd4 exd4 13. Nxd4 Ne5 14. h3 Bd7 15. Qb3 Rac8 16. N2f3 h6 17. Bd2 Bf8 18. Rac1 Qb8 19. Bc3 Nxf3+ 20. gxf3 d5 21. Bg2 Qf4 22. Ne2 Qh4 23. Bxf6 Qxf6 24. Qxb7 Rcd8 25. Ng3 Bb5 26. Qb6 Qxb2 27. Rcd1 d4 28. Nf5 d3 29. Rb1 Qe5 30. Qe3 d2 31. Red1 Rd3 32. f4 Qc7 33. Qb6 Qxf4 34. Rxb5 axb5 35. Qxb5 Red8 36. a6 Rc3 37. Qb6 Rc1 38. Ne3 Rdc8 39. Qb3 Bc5 40. Bf1 Bxe3 41. fxe3 Qg3+ 0-1

[Event "OLNW 2223 SV Hellern - HSK Lister Turm "]
[Site "?"]
[Date "2023.02.05"]
[Round "5.7"]
[White "Gentemann, Moritz"]
[Black "Hart, Martin"]
[Result "1/2-1/2"]
[WhiteElo "2205"]
[BlackElo "2018"]
[PlyCount "110"]
[EventDate "2023.??.??"]

1. d4 b5 2. e4 Bb7 3. Nd2 a6 4. Ngf3 e6 5. Bd3 c5 6. dxc5 Bxc5 7. O-O Nc6 8. a4 b4 9. e5 d5 10. Nb3 Bb6 11. Re1 h6 12. Be3 a5 13. Qd2 Nge7 14. Bc5 Bxc5 15. Nxc5 Qb6 16. Nb3 Ba6 17. Rac1 O-O 18. h4 Rac8 19. Qe3 Qxe3 20. Rxe3 Bc4 21. Bxc4 dxc4 22. Nbd4 Nd5 23. Re4 c3 24. b3 Nxd4 25. Rxd4 f6 26. exf6 gxf6 27. Re1 Kf7 28. g3 Rfd8 29. Red1 Rd7 30. Nh2 Rcd8 31. Ng4 Kg6 32. Ne3 Nxe3 33. fxe3 Rxd4 34. exd4 Rd5 35. Kf2 Kf5 36. Kf3 h5 37. Ke3 Kg4 38. Rf1 f5 39. Rg1 e5 40. dxe5 Rxe5+ 41. Kf2 Rd5 42. Ke3 Rd2 43. Rf1 Rxc2 44. Rf4+ Kxg3 45. Rxf5 Kxh4 46. Rxa5 Rb2 47. Rb5 Rxb3 48. a5 Rb2 49. a6 c2 50. Kd2 b3 51. a7 Ra2 52. Rb4+ Kg5 53. Rb5+ Kg4 54. Rb4+ Kg5 55. Rb5+ Kg4 1/2-1/2

[Event "OLNW 2223 SV Hellern - HSK Lister Turm "]
[Site "?"]
[Date "2023.02.05"]
[Round "5.8"]
[White "Suendorf, Dominik"]
[Black "Braeutigam, Mike"]
[Result "1/2-1/2"]
[WhiteElo "1867"]
[BlackElo "1892"]
[PlyCount "49"]
[EventDate "2023.??.??"]

1. e4 c6 2. d4 d5 3. f3 e6 4. Nc3 Nf6 5. Bg5 Be7 6. h4 h6 7. Be3 dxe4 8. fxe4 Qa5 9. e5 Ne4 10. Nge2 c5 11. d5 exd5 12. Qxd5 Nxc3 13. Nxc3 Nc6 14. Bb5 O-O 15. O-O Be6 16. Qe4 Qb4 17. Rae1 Qxe4 18. Nxe4 Nxe5 19. Bxc5 Bxc5+ 20. Nxc5 Bc4 21. Bxc4 Nxc4 22. b3 Nd6 23. Nd7 Rfd8 24. Re7 Re8 25. Rfe1 1/2-1/2

[Event "OLNW 2223 Delmenhorster SK - Hamelner S"]
[Site "?"]
[Date "2023.02.05"]
[Round "5.1"]
[White "Bode, Wilfried"]
[Black "Pahl, Theis"]
[Result "1/2-1/2"]
[WhiteElo "2352"]
[BlackElo "2185"]
[PlyCount "41"]
[EventDate "2023.??.??"]

1. Nf3 c5 2. c4 Nc6 3. e3 e5 4. Nc3 Nf6 5. d4 e4 6. d5 exf3 7. dxc6 dxc6 8. Qxd8+ Kxd8 9. gxf3 g6 10. b3 Bg7 11. Bb2 b6 12. f4 Kc7 13. Bg2 Bg4 14. h3 Bh5 15. Ne4 Ne8 16. Bxg7 Nxg7 17. Ng3 Rad8 18. Nxh5 Nxh5 19. Bf3 Ng7 20. Ke2 Nf5 21. Rhd1 1/2-1/2

[Event "OLNW 2223 Delmenhorster SK - Hamelner S"]
[Site "?"]
[Date "2023.02.05"]
[Round "5.2"]
[White "Mossakowski, Florian"]
[Black "Tonndorf, Matthias"]
[Result "0-1"]
[WhiteElo "2295"]
[BlackElo "2139"]
[PlyCount "49"]
[EventDate "2023.??.??"]

1. e4 c5 2. Nf3 e6 3. d4 cxd4 4. Nxd4 a6 5. Nc3 Qc7 6. Be2 Nf6 7. Qd3 Bb4 8. Bd2 Nc6 9. Nxc6 bxc6 10. O-O Rb8 11. Rab1 d5 12. Bf3 O-O 13. exd5 cxd5 14. Rfe1 Bd6 15. h3 Nd7 16. Qd4 Rb4 17. Qd3 Rc4 18. b3 Rc6 19. Bd1 Nc5 20. Qd4 f5 21. Na4 Ne4 22. Bb4 Be5 23. Qd3 Rf6 24. c4 a5 25. Bc3 0-1

[Event "OLNW 2223 Delmenhorster SK - Hamelner S"]
[Site "?"]
[Date "2023.02.05"]
[Round "5.3"]
[White "Renner, Kai"]
[Black "Thimm, Torsten"]
[Result "1-0"]
[WhiteElo "2159"]
[BlackElo "2020"]
[PlyCount "95"]
[EventDate "2023.??.??"]

1. e4 d5 2. exd5 Qxd5 3. Nc3 Qd6 4. d4 Nf6 5. Nf3 Bg4 6. h3 Bf5 7. Nb5 Qd8 8. Bc4 a6 9. Nc3 Nbd7 10. Be3 e6 11. Nh4 Be4 12. Nxe4 Nxe4 13. Nf3 Bd6 14. Bd3 Nef6 15. Qe2 Nd5 16. O-O O-O 17. Rad1 c6 18. Rfe1 Re8 19. Bd2 Nf8 20. Ne5 f6 21. Nf3 Bf4 22. c4 Bxd2 23. Qxd2 Nc7 24. Qc3 Re7 25. Nd2 Rd7 26. Nb3 Rb8 27. Be4 Rd6 28. Bf3 Ng6 29. g3 Qf8 30. Qa5 b6 31. Qc3 Rbd8 32. c5 bxc5 33. Nxc5 e5 34. Nb7 exd4 35. Qc4+ Kh8 36. Nxd8 Qxd8 37. Bg2 Ne5 38. Qa4 c5 39. f4 Nd7 40. Qc4 Qg8 41. b3 Nb5 42. Re7 g6 43. Rde1 Qxc4 44. bxc4 Nc7 45. Bc6 Rxc6 46. Rxd7 Ne6 47. Rb1 Rc8 48. Rbb7 1-0

[Event "OLNW 2223 Delmenhorster SK - Hamelner S"]
[Site "?"]
[Date "2023.02.05"]
[Round "5.4"]
[White "Meyer, Thorsten"]
[Black "Helmer, Jan"]
[Result "0-1"]
[WhiteElo "1968"]
[BlackElo "2108"]
[PlyCount "72"]
[EventDate "2023.??.??"]

1. e4 c5 2. Nf3 Nc6 3. d4 cxd4 4. Nxd4 e5 5. Nb5 d6 6. N1c3 a6 7. Na3 Be7 8. Nd5 Nf6 9. Nxf6+ Bxf6 10. Be3 b5 11. c3 O-O 12. Nc2 Bb7 13. Bd3 Ne7 14. O-O d5 15. f3 Qc7 16. Qe2 g6 17. a4 bxa4 18. Rxa4 a5 19. Kh1 Bg7 20. Bc1 f5 21. exd5 Nxd5 22. Na3 Nb6 23. Nb5 Qe7 24. Ra1 Qh4 25. Qf2 Qxf2 26. Rxf2 e4 27. Bc2 exf3 28. gxf3 Kh8 29. Bg5 h6 30. Be7 Rfe8 31. Bc5 Nd7 32. Ba3 Re3 33. Raf1 Ne5 34. Bd1 Ba6 35. Nc7 Bxf1 36. Nxa8 Re1 0-1

[Event "OLNW 2223 Delmenhorster SK - Hamelner S"]
[Site "?"]
[Date "2023.02.05"]
[Round "5.5"]
[White "van Son, Lutz"]
[Black "Monnerjahn, Lukas"]
[Result "1-0"]
[WhiteElo "2171"]
[BlackElo "1865"]
[PlyCount "109"]
[EventDate "2023.??.??"]

1. e4 e5 2. Nc3 Nf6 3. f4 d5 4. fxe5 Nxe4 5. Qf3 Nxc3 6. dxc3 g6 7. Bf4 Be6 8. O-O-O c6 9. Qe3 Qa5 10. a3 Nd7 11. Nf3 Bg7 12. Be2 Qb6 13. Nd4 O-O 14. h4 Qc7 15. Nf3 Qb6 16. Rd4 Rae8 17. h5 Bf5 18. Bd3 Bxd3 19. cxd3 f6 20. e6 Ne5 21. hxg6 hxg6 22. Bh6 Rxe6 23. Bxg7 Kxg7 24. Qh6+ Kf7 25. Nxe5+ Rxe5 26. Qh7+ Ke6 27. Qxg6 Qc7 28. Rh7 Rf7 29. Rdh4 Rg5 30. Qh6 Qg3 31. Rxf7 Qe3+ 32. Kb1 Qxd3+ 33. Ka1 Kxf7 34. Qh8 Qf1+ 35. Ka2 Qxg2 36. Qc8 Rg7 37. Qd7+ Kf8 38. Qc8+ Kf7 39. Qd7+ Kf8 40. Rh8+ Rg8 41. Qc8+ Kf7 42. Qxb7+ Ke6 43. Qxc6+ Ke5 44. Rh2 Qe4 45. Qc7+ Ke6 46. Qxa7 Qc4+ 47. Kb1 Qd3+ 48. Ka1 Qf1+ 49. Ka2 Qc4+ 50. b3 Qxc3 51. Re2+ Kf5 52. Qh7+ Kf4 53. Qxg8 d4 54. Rf2+ Ke5 55. Qe8+ 1-0

[Event "OLNW 2223 Delmenhorster SK - Hamelner S"]
[Site "?"]
[Date "2023.02.05"]
[Round "5.6"]
[White "Kickert, Germaine Helene"]
[Black "Jacobi, Felix-Hagen"]
[Result "0-1"]
[WhiteElo "1970"]
[BlackElo "2072"]
[PlyCount "100"]
[EventDate "2023.??.??"]

1. e4 e6 2. d4 d5 3. Nd2 Nf6 4. e5 Nfd7 5. f4 c5 6. Ngf3 b6 7. Be2 Ba6 8. Nb3 Bxe2 9. Qxe2 c4 10. Nbd2 Nc6 11. Nf1 b5 12. Ne3 g6 13. O-O Nb6 14. Ng4 Bg7 15. f5 gxf5 16. Bg5 Nxd4 17. Qd2 Nxf3+ 18. Rxf3 Qc7 19. Nf6+ Bxf6 20. Bxf6 Rg8 21. Qb4 a6 22. b3 Rc8 23. a4 bxa4 24. bxc4 Rg4 25. Rb1 Nxc4 26. Qxa4+ Qc6 27. Qxc6+ Rxc6 28. Rb8+ Kd7 29. Rf8 Rb6 30. Rxf7+ Kc6 31. Rxh7 a5 32. Rb3 a4 33. Rxb6+ Kxb6 34. Re7 a3 35. Rxe6+ Kb5 36. Re8 a2 37. e6 d4 38. Ra8 Na5 39. e7 a1=Q+ 40. Kf2 Rf4+ 41. Kg3 Qe1+ 42. Kh3 Re4 43. Rd8 Nc6 44. Rd5+ Kc4 45. Rxf5 Nxe7 46. Rf3 Ng6 47. Rg3 Rh4+ 48. Bxh4 Qe6+ 49. Rg4 Nf4+ 50. Kg3 Qe3# 0-1

[Event "OLNW 2223 Delmenhorster SK - Hamelner S"]
[Site "?"]
[Date "2023.02.05"]
[Round "5.7"]
[White "Belov, Igor"]
[Black "Vollmer, Andreas"]
[Result "1-0"]
[WhiteElo "2040"]
[BlackElo "1758"]
[PlyCount "57"]
[EventDate "2023.??.??"]

1. c4 e5 2. Nc3 Nf6 3. e4 c6 4. d3 d6 5. g3 Be7 6. Bg2 Nbd7 7. Nge2 Rb8 8. O-O a6 9. b3 Qc7 10. h3 b6 11. Bb2 Bb7 12. Rc1 c5 13. f4 Bc6 14. Nd5 Bxd5 15. cxd5 Qa7 16. Kh2 O-O 17. Bf3 h6 18. Bg4 Nxg4+ 19. hxg4 Bf6 20. Qd2 g5 21. Kg2 gxf4 22. gxf4 Bg7 23. Ng3 Qc7 24. Nf5 f6 25. Rh1 Kf7 26. Nxg7 Kxg7 27. fxe5 Rh8 28. exf6+ Nxf6 29. g5 1-0

[Event "OLNW 2223 Post SV Uelzen - SK Ricklinge"]
[Site "?"]
[Date "2023.02.05"]
[Round "5.1"]
[White "Ackermann, Dennie"]
[Black "Laubsch, Bernd"]
[Result "0-1"]
[WhiteElo "2112"]
[BlackElo "2262"]
[PlyCount "100"]
[EventDate "2023.??.??"]

1. c4 e5 2. Nf3 e4 3. Nd4 Nc6 4. e3 Nf6 5. Nc3 Bb4 6. Be2 O-O 7. O-O d5 8. Nxc6 bxc6 9. Qa4 Qd6 10. h3 Bd7 11. a3 Bxc3 12. dxc3 Rfe8 13. Rd1 Re5 14. Bf1 Rg5 15. g3 Rxg3+ 16. fxg3 Qxg3+ 17. Kh1 Bxh3 18. Qc2 Ng4 19. Bxh3 Nf2+ 20. Qxf2 Qxh3+ 21. Qh2 Qf3+ 22. Qg2 Qxd1+ 23. Qg1 Qe2 24. Qg2 Qd1+ 25. Qg1 Qd3 26. Qf2 Rd8 27. Bd2 Rd6 28. Rg1 Rh6+ 29. Kg2 Rf6 30. Qe1 dxc4 31. Bc1 Qd5 32. Qh4 Qf5 33. Kh2 Qe5+ 34. Kg2 h6 35. Rf1 Rg6+ 36. Kf2 Kh7 37. Ke1 Qd5 38. Qf2 Rf6 39. Qe2 Rf3 40. Rf2 g5 41. Qc2 f5 42. Qa4 Rxf2 43. Kxf2 a5 44. Qc2 h5 45. Qe2 Kg6 46. Kg2 h4 47. Kh3 Qd6 48. Kg2 Qg3+ 49. Kf1 h3 50. Qf2 Qf3 0-1

[Event "OLNW 2223 Post SV Uelzen - SK Ricklinge"]
[Site "?"]
[Date "2023.02.05"]
[Round "5.2"]
[White "Knuedel, Torben"]
[Black "Simon, Ralf-Axel"]
[Result "1-0"]
[WhiteElo "2250"]
[BlackElo "2066"]
[PlyCount "53"]
[EventDate "2023.??.??"]

1. e4 c5 2. Nf3 d6 3. d4 cxd4 4. Nxd4 Nf6 5. Nc3 a6 6. f4 Qc7 7. f5 e5 8. fxe6 fxe6 9. Be2 Be7 10. Be3 O-O 11. g4 d5 12. O-O Nxe4 13. Rxf8+ Bxf8 14. Nxe4 dxe4 15. Qf1 Nc6 16. Nxc6 Qxc6 17. Rd1 Bd7 18. Qf4 Be7 19. Qe5 Rf8 20. c3 Be8 21. b4 Bf6 22. Qg3 Bg6 23. Bc5 Rd8 24. g5 Rxd1+ 25. Bxd1 Qd5 26. Bg4 Bf5 27. gxf6 1-0

[Event "OLNW 2223 Post SV Uelzen - SK Ricklinge"]
[Site "?"]
[Date "2023.02.05"]
[Round "5.3"]
[White "Spiess, Thomas"]
[Black "Wiegmann, Sascha"]
[Result "0-1"]
[WhiteElo "2000"]
[BlackElo "2290"]
[PlyCount "48"]
[EventDate "2023.??.??"]

1. Nf3 Nf6 2. c4 g6 3. Nc3 Bg7 4. e4 d6 5. d4 O-O 6. Be2 e5 7. Be3 Ng4 8. Bg5 f6 9. Bh4 Nc6 10. d5 Ne7 11. Nd2 Nh6 12. f3 c5 13. Rb1 g5 14. Bf2 f5 15. b4 b6 16. exf5 Nhxf5 17. Nde4 Ng6 18. Qd2 Bh6 19. Qd1 Nf4 20. O-O cxb4 21. Rxb4 Nh4 22. Nb5 Nhxg2 23. Nbxd6 Bh3 24. Bg3 Ne3 0-1